[Event "7052-Championnat de la Loire OPEN"]
[Site "Loire"]
[Date "2005.11.27"]
[Round "1.1"]
[White "Thevenet, Olivier"]
[Black "Jedidi, Brahim"]
[Result "1/2-1/2"]
[WhiteElo "1499"]
[BlackElo "1770"]
[PlyCount "71"]
[EventDate "2005.??.??"]

1. d4 d5 2. c4 c6 3. Nc3 Nf6 4. Bg5 e6 5. Nf3 Bd6 6. e3 Nbd7 7. Bd3 O-O 8. O-O
a5 9. Qc2 h6 10. Bh4 Re8 11. c5 Bc7 12. Rac1 e5 13. Nxe5 Nxe5 14. dxe5 Bxe5 15.
Ne2 Qc7 16. Bg3 Nd7 17. Bxe5 Nxe5 18. Nf4 Nxd3 19. Qxd3 Qe5 20. Qd4 Qg5 21.
Rfe1 Re4 22. Qd2 Bg4 23. Ne2 Bd7 24. Ng3 Re6 25. Qd3 Rf6 26. e4 Qg6 27. Qd2 Be6
28. e5 Rf5 29. Nxf5 Bxf5 30. Qf4 Rd8 31. Re3 Qe6 32. Rg3 d4 33. Qd2 Kh7 34.
Qxa5 Qd5 35. Qd2 Qxa2 36. Rd1 1/2-1/2

[Event "7052-Championnat de la Loire OPEN"]
[Site "Loire"]
[Date "2005.11.27"]
[Round "1.2"]
[White "Moleins, Jean-Pierre"]
[Black "Granger, Thierry"]
[Result "1/2-1/2"]
[WhiteElo "1760"]
[BlackElo "1470"]
[PlyCount "101"]
[EventDate "2005.??.??"]

1. e4 c5 2. Nf3 e6 3. d4 cxd4 4. Nxd4 Nf6 5. Nc3 d6 6. Bb5+ Bd7 7. O-O a6 8.
Be2 Be7 9. Re1 O-O 10. a4 Nc6 11. Bf3 Qc7 12. Rb1 Rac8 13. Re2 Nxd4 14. Qxd4
Bc6 15. b4 Rfe8 16. b5 axb5 17. Nxb5 Qd7 18. Ba3 Red8 19. Rd2 e5 20. Qd3 Ne8
21. h3 Bxb5 22. Rxb5 Qc6 23. Qb3 Rb8 24. Rd3 Rdc8 25. c3 Rc7 26. Rb6 Qd7 27. a5
Rc6 28. Rb5 Qc7 29. Be2 Ra6 30. Rf3 Nf6 31. Qa4 Qc6 32. Re3 Rba8 33. f3 Rxa5
34. Rxa5 Qxa4 35. Rxa4 Rxa4 36. Bb4 Kf8 37. Rd3 Ne8 38. Rd5 Ra8 39. Rb5 Rb8 40.
Rb6 f6 41. Ba6 Bd8 42. Rxb7 Rxb7 43. Bxb7 Ke7 44. Ba3 Bb6+ 45. Kh2 Kd7 46. g4
Bf2 47. Kg2 Bb6 48. h4 Ke7 49. Kg3 Be3 50. h5 Nc7 51. Bb4 1/2-1/2

[Event "7052-Championnat de la Loire OPEN"]
[Site "Loire"]
[Date "2005.11.27"]
[Round "1.3"]
[White "Rogues, Jean-Luc"]
[Black "Desassis, Gregoire"]
[Result "1/2-1/2"]
[WhiteElo "1470"]
[BlackElo "1730"]
[PlyCount "122"]
[EventDate "2005.??.??"]

1. e4 e6 2. d4 d5 3. exd5 exd5 4. Be3 Bd6 5. Nf3 Nf6 6. Be2 O-O 7. O-O Bf5 8.
Nbd2 Re8 9. c4 Ng4 10. Bg5 f6 11. Bh4 Nc6 12. cxd5 Nb4 13. Bc4 Bc2 14. Qc1 Bd3
15. Bxd3 Nxd3 16. Qc2 Nf4 17. Qf5 Ne2+ 18. Kh1 Nh6 19. Qd3 Nf4 20. Qb3 Nf5 21.
Nc4 Nxh4 22. Nxd6 Qxd6 23. Nxh4 Qxd5 24. Qxd5+ Nxd5 25. Nf3 Re2 26. Rab1 Nb4
27. Kg1 Nd3 28. d5 Rxb2 29. Rxb2 Nxb2 30. Rb1 Nc4 31. Rxb7 Rd8 32. Kf1 Rxd5 33.
Rxc7 Ne5 34. Nxe5 Rxe5 35. Rxa7 Rh5 36. Kg1 Rd5 37. g3 h5 38. Ra3 Rd2 39. Ra5
Kf7 40. Rxh5 Rxa2 41. Kg2 Kg6 42. Rh4 Kf5 43. Rb4 Ke5 44. h4 f5 45. h5 Kf6 46.
g4 Kg5 47. Kg3 Ra3+ 48. f3 Ra5 49. Rd4 fxg4 50. Rxg4+ Kxh5 51. Rxg7 Rg5+ 52.
Rxg5+ Kxg5 53. Kf2 Kf4 54. Ke2 Kf5 55. Ke3 Ke5 56. f4+ Kf6 57. Ke4 Ke6 58. f5+
Kf7 59. Ke5 Ke7 60. f6+ Kf8 61. Ke6 Ke8 1/2-1/2

[Event "7052-Championnat de la Loire OPEN"]
[Site "Loire"]
[Date "2005.11.27"]
[Round "1.4"]
[White "Minchilli, Franco"]
[Black "Desassis, Maxence"]
[Result "1-0"]
[WhiteElo "1700"]
[BlackElo "1450"]
[PlyCount "89"]
[EventDate "2005.??.??"]

1. d4 d6 2. c4 Nf6 3. Nc3 g6 4. e4 Bg7 5. Be2 O-O 6. Nf3 b6 7. O-O Nbd7 8. Bg5
Bb7 9. Bd3 Re8 10. h3 c6 11. e5 dxe5 12. dxe5 Nh5 13. g4 Bxe5 14. gxh5 c5 15.
Re1 f6 16. Bh6 Bxf3 17. Qxf3 Bxc3 18. bxc3 Ne5 19. Rxe5 fxe5 20. hxg6 hxg6 21.
Bxg6 Rf8 22. Qg3 Kh8 23. Bxf8 Qxf8 24. Qh4+ Kg7 25. Qg5 Qf6 26. Qxf6+ exf6 27.
Be4 Rg8 28. Kh2 Kh6 29. Rd1 Rg7 30. h4 Rg4 31. f3 Rxh4+ 32. Kg3 Kg5 33. Rd7 f5
34. Bxf5 Rxc4 35. Be4 Rxc3 36. Rg7+ Kf6 37. Rxa7 b5 38. Ra6+ Ke7 39. Kg4 b4 40.
Kf5 c4 41. Kxe5 Rc1 42. Ra7+ Ke8 43. Kd6 Rd1+ 44. Bd5 Kd8 45. Ra8# 1-0

[Event "7052-Championnat de la Loire OPEN"]
[Site "Loire"]
[Date "2005.11.27"]
[Round "1.5"]
[White "Mialon, Franck"]
[Black "Maestracci, Olivier"]
[Result "0-1"]
[WhiteElo "1430"]
[BlackElo "1699"]
[PlyCount "40"]
[EventDate "2005.??.??"]

1. e4 e6 2. d4 d5 3. exd5 exd5 4. Nf3 Bd6 5. h3 Ne7 6. Bg5 f6 7. Bh4 O-O 8. Bd3
Bf5 9. Nc3 c6 10. Qd2 Qc7 11. O-O-O Bf4 12. Kb1 Bxd2 13. Rxd2 Bxd3 14. Rxd3 Nf5
15. g3 Re8 16. Rg1 Nd7 17. Nh2 Nxh4 18. gxh4 Qxh2 19. Rdg3 Re7 20. h5 h6 0-1

[Event "7052-Championnat de la Loire OPEN"]
[Site "Loire"]
[Date "2005.11.27"]
[Round "1.6"]
[White "Doran, Niall"]
[Black "Gregoire, Michele"]
[Result "1-0"]
[WhiteElo "1690"]
[BlackElo "1410"]
[PlyCount "65"]
[EventDate "2005.??.??"]

1. e4 c5 2. c3 e6 3. d4 d5 4. e5 cxd4 5. cxd4 Nc6 6. Nf3 Be7 7. a3 Qb6 8. Bd3
Nxd4 9. Nxd4 Qxd4 10. Bb5+ Bd7 11. Bxd7+ Kxd7 12. Qxd4 a6 13. O-O b5 14. Bd2 f6
15. f4 Nh6 16. Bb4 Nf5 17. Qd3 Bd8 18. Bc5 Rb8 19. Nc3 Bc7 20. Nxd5 exd5 21.
Qxf5+ Kc6 22. Rac1 Kb7 23. Bd6 Bb6+ 24. Kh1 Rbd8 25. Qe6 Rhe8 26. Qxd5+ Ka7 27.
Rc6 Rc8 28. Rfc1 Rxc6 29. Rxc6 Rd8 30. Rxb6 Kxb6 31. Qc5+ Ka5 32. Bc7+ Ka4 33.
Qb4# 1-0

[Event "7052-Championnat de la Loire OPEN"]
[Site "Loire"]
[Date "2005.11.27"]
[Round "1.7"]
[White "Paratcha, Yohan"]
[Black "Borron, Herve"]
[Result "0-1"]
[WhiteElo "1410"]
[BlackElo "1650"]
[PlyCount "74"]
[EventDate "2005.??.??"]

1. e4 e6 2. d4 d5 3. e5 c5 4. Nf3 Nc6 5. Be3 Qb6 6. b3 Nh6 7. h3 Nf5 8. Qd2
cxd4 9. Bxd4 Nfxd4 10. Nxd4 Qxd4 11. Bb5 Qxe5+ 12. Qe2 Qxa1 13. O-O Qf6 14. c4
dxc4 15. Qxc4 Bd7 16. Rd1 a6 17. Bxc6 Bxc6 18. Nc3 Qg5 19. Ne4 Bxe4 20. Qxe4
Rd8 21. Rxd8+ Qxd8 22. Qxb7 Qd1+ 23. Kh2 Bd6+ 24. g3 O-O 25. Qxa6 Qd2 26. Kg2
Bc5 27. Qf1 e5 28. a4 e4 29. Kh1 Qxf2 30. Qxf2 Bxf2 31. Kg2 Bc5 32. Kf1 e3 33.
Ke2 Rd8 34. b4 Rd2+ 35. Ke1 Bxb4 36. g4 Rf2+ 37. Kd1 e2+ 0-1

[Event "7052-Championnat de la Loire OPEN"]
[Site "Loire"]
[Date "2005.11.27"]
[Round "1.8"]
[White "Doucet, Medhi"]
[Black "Trottet, Francois"]
[Result "1-0"]
[WhiteElo "1620"]
[BlackElo "1400"]
[PlyCount "77"]
[EventDate "2005.??.??"]

1. c4 c5 2. Nc3 Nc6 3. e4 d6 4. Nf3 a6 5. d3 e6 6. Be2 Be7 7. O-O Nf6 8. b3 O-O
9. Bb2 Nd4 10. Qd2 Nxe2+ 11. Nxe2 e5 12. h4 h6 13. Ng3 Nh7 14. Qc3 a5 15. Nd2
f5 16. exf5 Bxf5 17. Nxf5 Rxf5 18. Ne4 b6 19. f4 Qf8 20. fxe5 dxe5 21. Rxf5
Qxf5 22. Qxe5 Qxe5 23. Bxe5 Rd8 24. Rd1 Rd7 25. Kf1 Nf6 26. Ng3 Kf7 27. Nf5 Ke6
28. Nxe7 Kxe5 29. Re1+ Kd6 30. Nf5+ Kc7 31. Ke2 Nh5 32. Rf1 g5 33. g3 Rf7 34.
Kd2 Nxg3 35. Nxg3 Rxf1 36. Nxf1 Kd6 37. Ke3 Ke5 38. Ng3 Ke6 39. Ke4 1-0

[Event "7052-Championnat de la Loire OPEN"]
[Site "Loire"]
[Date "2005.11.27"]
[Round "1.9"]
[White "Movsisian, Arthur"]
[Black "Chabas, Jean-Luc"]
[Result "0-1"]
[WhiteElo "1399"]
[BlackElo "1610"]
[PlyCount "62"]
[EventDate "2005.??.??"]

1. d4 d5 2. Bf4 Nf6 3. e3 e6 4. a3 Be7 5. c4 c6 6. c5 Nbd7 7. a4 b6 8. b4 Bb7
9. Nf3 O-O 10. Be2 Ne4 11. Qb3 Re8 12. Ne5 g5 13. Nxd7 Qxd7 14. Be5 f6 15. Bg3
Nxg3 16. fxg3 e5 17. O-O exd4 18. exd4 Bd8 19. Nc3 Re3 20. Rad1 Qg7 21. Bf3 Bc7
22. Rc1 Rae8 23. Qa2 g4 24. Be4 Kh8 25. Bb1 Bc8 26. a5 f5 27. axb6 axb6 28.
cxb6 Bxb6 29. Qa8 Bd7 30. Qa3 Bxd4 31. Bxf5 Rxc3+ 0-1

[Event "7052-Championnat de la Loire OPEN"]
[Site "Loire"]
[Date "2005.11.27"]
[Round "1.10"]
[White "Gidon, Rene"]
[Black "Brachet, Gerard"]
[Result "1-0"]
[WhiteElo "1560"]
[BlackElo "1390"]
[PlyCount "61"]
[EventDate "2005.??.??"]

1. d4 d5 2. c4 dxc4 3. Nc3 Nf6 4. e4 c6 5. Bxc4 b5 6. Bb3 e6 7. Nge2 b4 8. Na4
Nxe4 9. O-O Bd6 10. Qc2 f5 11. Bf4 O-O 12. Rad1 Qf6 13. Bxd6 Nxd6 14. Nc5 Kh8
15. Nf4 Re8 16. Rfe1 e5 17. dxe5 Rxe5 18. Rxe5 Qxe5 19. Nfe6 Na6 20. Qd2 Bxe6
21. Nxe6 Nb7 22. Qd7 Rb8 23. Qxc6 Nac5 24. Nxc5 Nxc5 25. Qf3 Nxb3 26. Qxb3 a5
27. Qd3 h6 28. h3 Qxb2 29. Qg3 Rb7 30. Qf3 Qe5 31. Qxb7 1-0

[Event "7052-Championnat de la Loire OPEN"]
[Site "Loire"]
[Date "2005.11.27"]
[Round "1.11"]
[White "Goudet, Maxence"]
[Black "Trenteseaux, Alain"]
[Result "0-1"]
[WhiteElo "1390"]
[BlackElo "1550"]
[PlyCount "72"]
[EventDate "2005.??.??"]

1. e4 c5 2. Nc3 e6 3. Nf3 Nc6 4. Bc4 d6 5. d4 cxd4 6. Nxd4 Nf6 7. Nxc6 bxc6 8.
Bg5 Be7 9. Bxf6 Bxf6 10. O-O O-O 11. Qd2 d5 12. exd5 cxd5 13. Bd3 Rb8 14. Rab1
Qc7 15. Nd1 Bd7 16. f4 Bd4+ 17. Kh1 Rfe8 18. c3 Bf6 19. Ne3 Bc6 20. Rbe1 Qb7
21. Rb1 d4 22. cxd4 Bxd4 23. Nc4 Red8 24. Rfd1 Bd5 25. b3 Qb4 26. Qxb4 Rxb4 27.
Bxh7+ Kxh7 28. Rxd4 Bxg2+ 29. Kxg2 Rxd4 30. Kf3 Rdxc4 31. bxc4 Rxb1 32. Ke4 Rb2
33. Ke5 Rxa2 34. Kd6 Ra6+ 35. Ke7 Kg6 36. c5 Rc6 0-1

[Event "7052-Championnat de la Loire OPEN"]
[Site "Loire"]
[Date "2005.11.27"]
[Round "1.12"]
[White "Gregoire, Patrick"]
[Black "Lille, Gauthier"]
[Result "1-0"]
[WhiteElo "1540"]
[BlackElo "1350"]
[PlyCount "41"]
[EventDate "2005.??.??"]

1. e4 e5 2. Nf3 Nc6 3. Bc4 Nh6 4. d4 exd4 5. Nxd4 Bc5 6. Nxc6 bxc6 7. Bxh6 gxh6
8. Qh5 Qf6 9. O-O Bb7 10. Qxc5 Qxb2 11. Nc3 d6 12. Qd4 d5 13. Qxh8+ Ke7 14.
Nxd5+ cxd5 15. Qxb2 Bc8 16. Bxd5 Bb7 17. Qxb7 Rd8 18. Qxc7+ Rd7 19. Qe5+ Kd8
20. Rab1 Kc8 21. Rb8# 1-0

[Event "7052-Championnat de la Loire OPEN"]
[Site "Loire"]
[Date "2005.11.27"]
[Round "1.13"]
[White "Volay, Pascal"]
[Black "Pareux, Marc"]
[Result "0-1"]
[WhiteElo "1320"]
[BlackElo "1530"]
[PlyCount "86"]
[EventDate "2005.??.??"]

1. Nf3 g6 2. d4 Bg7 3. e3 d6 4. Be2 Nd7 5. b3 Nh6 6. c3 O-O 7. O-O c5 8. Bb2 a6
9. Nbd2 b5 10. a3 Bb7 11. b4 c4 12. a4 Nb6 13. axb5 axb5 14. Rxa8 Qxa8 15. Qa1
Na4 16. Bd1 Nxb2 17. Qxb2 Qa6 18. Be2 Ra8 19. Ne1 Qa2 20. Qc2 Ra3 21. Nb1 Qxc2
22. Nxc2 Ra2 23. Rc1 Be4 24. Bd1 e5 25. f3 Bc6 26. h3 Nf5 27. Kf2 exd4 28. exd4
Bh6 29. Nd2 Bxd2 30. Ra1 Rxa1 31. Nxa1 Bxc3 32. Nc2 Nxd4 33. Nxd4 Bxd4+ 34. Ke2
Bc3 35. Bc2 Bxb4 36. Ke3 Bc5+ 37. Ke2 d5 38. Kd2 d4 39. Bd1 d3 40. h4 Bd4 41.
Ke1 b4 42. Kf1 b3 43. Ke1 b2 0-1

[Event "7052-Championnat de la Loire OPEN"]
[Site "Loire"]
[Date "2005.11.27"]
[Round "1.14"]
[White "Pendrigh, Robin"]
[Black "Gerey, Jean-Pierre"]
[Result "1-0"]
[WhiteElo "1520"]
[BlackElo "1310"]
[PlyCount "57"]
[EventDate "2005.??.??"]

1. e4 e5 2. Nf3 Nc6 3. Bb5 a6 4. Ba4 Nf6 5. O-O Be7 6. Re1 O-O 7. c3 b5 8. Bc2
d6 9. h3 Qd7 10. d4 exd4 11. cxd4 Bb7 12. a3 Rfe8 13. Nc3 Bf8 14. Bg5 Be7 15.
e5 dxe5 16. dxe5 Qxd1 17. Raxd1 Nh5 18. Rd7 Bxg5 19. Nxg5 Rxe5 20. Bxh7+ Kh8
21. Nxf7+ Kxh7 22. Nxe5 Nxe5 23. Rxe5 Nf6 24. Rxc7 Bc8 25. Ree7 Nh5 26. g4 Nf6
27. Rxg7+ Kh8 28. Rgf7 Ne8 29. Rf8# 1-0

[Event "7052-Championnat de la Loire OPEN"]
[Site "Loire"]
[Date "2005.11.27"]
[Round "1.15"]
[White "Moleins, Adrien"]
[Black "Carrot, Axel"]
[Result "1-0"]
[WhiteElo "1240"]
[BlackElo "1510"]
[PlyCount "51"]
[EventDate "2005.??.??"]

1. e4 e5 2. Nf3 Nc6 3. d4 Nf6 4. d5 Ne7 5. Bd3 d6 6. O-O g6 7. h3 Bg7 8. Be3
O-O 9. c4 Bd7 10. Nc3 c6 11. dxc6 bxc6 12. b4 Qc7 13. b5 Rab8 14. a4 Rb7 15. c5
cxb5 16. axb5 dxc5 17. Rc1 c4 18. Be2 Bxb5 19. Nxb5 Rxb5 20. Bxc4 Ra5 21. Bxf7+
Rxf7 22. Rxc7 Nxe4 23. Rxe7 Rxe7 24. Qd8+ Kf7 25. Qxa5 Bf6 26. Qd5+ 1-0

[Event "7052-Championnat de la Loire OPEN"]
[Site "Loire"]
[Date "2005.11.27"]
[Round "1.16"]
[White "Bruyas, Benjamin"]
[Black "Geraci, Georges"]
[Result "1-0"]
[WhiteElo "1500"]
[BlackElo "1230"]
[PlyCount "77"]
[EventDate "2005.??.??"]

1. Nf3 d6 2. d4 Nf6 3. c4 Nbd7 4. Nc3 h6 5. g3 b6 6. Bg2 Bb7 7. O-O c5 8. d5 a6
9. b3 Qc7 10. Bf4 O-O-O 11. Re1 Kb8 12. e4 e5 13. dxe6 fxe6 14. e5 Ne8 15. exd6
Qc6 16. Rxe6 Ka7 17. Qe2 g5 18. Ne1 Qc8 19. Bxb7 Qxb7 20. Rxe8 Bg7 21. Re3 Bxc3
22. Rxc3 gxf4 23. Nf3 Rdg8 24. Ne5 h5 25. Nxd7 Qxd7 26. Qe5 h4 27. Qxf4 h3 28.
Rd1 Rg4 29. Qe5 Rd8 30. Re3 Rg7 31. Rd5 Re8 32. Qxe8 Qxe8 33. Rxe8 Rd7 34. Re7
Rb7 35. d7 a5 36. d8=Q Rxe7 37. Qxe7+ Ka6 38. Rd7 b5 39. Ra7+ 1-0

[Event "7052-Championnat de la Loire OPEN"]
[Site "Loire"]
[Date "2005.11.27"]
[Round "1.17"]
[White "Masson, Guillaume"]
[Black "Daillere, Roland"]
[Result "1/2-1/2"]
[WhiteElo "1199"]
[BlackElo "1499"]
[PlyCount "100"]
[EventDate "2005.??.??"]

1. e4 e5 2. Nf3 Nc6 3. d4 exd4 4. Nxd4 Nf6 5. Nc3 Bb4 6. f3 O-O 7. Bb5 a6 8.
Bc4 Re8 9. O-O Bxc3 10. bxc3 d5 11. exd5 Nxd5 12. Re1 Be6 13. Nxc6 bxc6 14. Rb1
Nxc3 15. Qxd8 Raxd8 16. Rb4 Bxc4 17. Rxe8+ Rxe8 18. Rxc4 Ne2+ 19. Kf2 Nxc1 20.
Rxc6 Nxa2 21. Rxa6 Nc3 22. Rc6 Nd5 23. c4 Nf4 24. Rxc7 g6 25. c5 Nd5 26. Rb7
Rc8 27. Rb5 Nc3 28. Ra5 Rc6 29. Ke3 Nd5+ 30. Kd4 Nf6 31. Ke5 Nd7+ 32. Kd5 Rc8
33. c6 Nb8 34. Rc5 Rd8+ 35. Kc4 Nxc6 36. Rxc6 Rd2 37. g4 Rxh2 38. Rf6 Kg7 39.
Rf4 f6 40. Kd4 Kh6 41. Rxf6 Kg5 42. Rf8 h5 43. gxh5 gxh5 44. f4+ Kg4 45. f5 Rc2
46. Ke5 h4 47. Rh8 h3 48. f6 h2 49. Rxh2 Rxh2 50. f7 Rh8 1/2-1/2

[Event "7052-Championnat de la Loire OPEN"]
[Site "Loire"]
[Date "2005.11.27"]
[Round "1.18"]
[White "Furnon, Yannick"]
[Black "Zennaf, Karim"]
[Result "0-1"]
[WhiteElo "1499"]
[BlackElo "1199"]
[PlyCount "62"]
[EventDate "2005.??.??"]

1. e4 d6 2. d4 Nf6 3. Nc3 g6 4. Be3 Bg7 5. h3 O-O 6. Qd2 Re8 7. g4 e5 8. Nge2
a6 9. h4 h5 10. Bg5 Qd7 11. gxh5 Nxh5 12. Bh3 Qc6 13. d5 Qb6 14. Na4 Qb5 15.
Nec3 Qb4 16. a3 Qd4 17. Qxd4 exd4 18. Ne2 Bxh3 19. Rxh3 b5 20. Nc5 dxc5 21. Ng3
Nxg3 22. Rxg3 Be5 23. f4 Bxf4 24. Rg4 Bxg5 25. hxg5 Nd7 26. Kd2 Kg7 27. Rf1 Rh8
28. Rf2 Ne5 29. Rgf4 Rh3 30. Rf6 a5 31. Rg2 Rf3 0-1

[Event "7052-Championnat de la Loire OPEN"]
[Site "Loire"]
[Date "2005.11.27"]
[Round "2.1"]
[White "Trenteseaux, Alain"]
[Black "Minchilli, Franco"]
[Result "1-0"]
[WhiteElo "1550"]
[BlackElo "1700"]
[PlyCount "115"]
[EventDate "2005.??.??"]

1. e4 e5 2. Nf3 Nf6 3. Nc3 Nc6 4. d3 Be7 5. Be2 d6 6. O-O Bg4 7. Bg5 Bxf3 8.
Bxf6 Bxe2 9. Bxe7 Bxd1 10. Bxd8 Rxd8 11. Nxd1 Nd4 12. Ne3 b5 13. c3 Ne6 14. b4
O-O 15. a4 a6 16. axb5 axb5 17. Nd5 c5 18. bxc5 dxc5 19. Rfb1 Ra8 20. h3 Rxa1
21. Rxa1 g6 22. Ra5 Rb8 23. Nf6+ Kg7 24. Nd7 Rb7 25. Nxe5 b4 26. cxb4 cxb4 27.
Ra1 b3 28. Rb1 Nd4 29. Kf1 Rc7 30. Nc4 Ra7 31. h4 Nc2 32. Nd2 Ra1 33. Rxa1 Nxa1
34. Nc4 Kf6 35. Ke1 Nc2+ 36. Kd2 Ke6 37. Kc3 Ne1 38. g3 f5 39. exf5+ Kxf5 40.
d4 Ke4 41. Nd2+ Kd5 42. Nxb3 Nf3 43. Kd3 h6 44. Ke3 Ng1 $11 45. f3 g5 46. hxg5
hxg5 47. f4 gxf4+ 48. gxf4 Nh3 49. Kf3 Ng1+ 50. Kg4 Ne2 51. f5 Nc3 52. Kg5 Ne4+
53. Kg6 Nd6 54. f6 Kc4 55. Na5+ Kd5 56. Nb7 Nc8 57. f7 Ne7+ 58. Kf6 1-0

[Event "7052-Championnat de la Loire OPEN"]
[Site "Loire"]
[Date "2005.11.27"]
[Round "2.2"]
[White "Maestracci, Olivier"]
[Black "Gregoire, Patrick"]
[Result "1-0"]
[WhiteElo "1699"]
[BlackElo "1540"]
[PlyCount "65"]
[EventDate "2005.??.??"]

1. e4 e6 2. d4 d5 3. Nd2 c5 4. exd5 exd5 5. Bb5+ Bd7 6. Qe2+ Be7 7. dxc5 a6 8.
Bxd7+ Nxd7 9. Ngf3 Ngf6 10. O-O O-O 11. Nb3 Nxc5 12. Nbd4 Re8 13. h3 Nfe4 14.
Be3 Bg5 15. Rfe1 Bxe3 16. Qxe3 Nf6 17. Qd2 Nce4 18. Qc1 h6 19. c3 Qd7 20. Qc2
Rac8 21. Rad1 h5 22. Qb3 Nc5 23. Qc2 Rxe1+ 24. Rxe1 Nce4 25. Qd3 Nc5 26. Qc2
Re8 27. Rxe8+ Qxe8 28. Qf5 Na4 29. Qc2 Nc5 30. Kf1 Nfe4 31. Qe2 f5 32. Nxf5 Qg6
33. Ne7+ 1-0

[Event "7052-Championnat de la Loire OPEN"]
[Site "Loire"]
[Date "2005.11.27"]
[Round "2.3"]
[White "Pareux, Marc"]
[Black "Doran, Niall"]
[Result "0-1"]
[WhiteElo "1530"]
[BlackElo "1690"]
[PlyCount "58"]
[EventDate "2005.??.??"]

1. d4 Nf6 2. f3 g6 3. e4 d6 4. Be3 Bg7 5. Qd2 O-O 6. h4 e5 7. d5 Nh5 8. Ne2 Nf4
9. Nxf4 exf4 10. Bd4 Be5 11. Nc3 f5 12. Bxe5 dxe5 13. O-O-O fxe4 14. Nxe4 Bf5
15. Bc4 Kh8 16. Ng5 Qd6 17. Qc3 Nd7 18. Ne6 Rfe8 19. Nxf4 Nc5 20. g4 Bxg4 21.
fxg4 Ne4 22. Nxg6+ Qxg6 23. Qe3 Qxg4 24. Rdg1 Qf4 25. Qxf4 exf4 26. Bd3 Ng3 27.
Rh2 Re5 28. Rf2 Rg8 29. Bc4 Ne2+ 0-1

[Event "7052-Championnat de la Loire OPEN"]
[Site "Loire"]
[Date "2005.11.27"]
[Round "2.4"]
[White "Borron, Herve"]
[Black "Pendrigh, Robin"]
[Result "1/2-1/2"]
[WhiteElo "1650"]
[BlackElo "1520"]
[PlyCount "86"]
[EventDate "2005.??.??"]

1. c4 Nf6 2. Nc3 g6 3. g3 Bg7 4. Bg2 O-O 5. d4 d6 6. e3 c6 7. Nge2 e5 8. O-O
Be6 9. b3 Re8 10. Qd2 exd4 11. exd4 d5 12. c5 Na6 13. Nf4 Qd7 14. Bb2 Bh6 15.
Rfe1 Nc7 16. Nce2 Re7 17. Qc3 Rae8 18. Nd3 Bg7 19. Ne5 Qc8 20. Bc1 Nd7 21. Bf4
Bf5 22. g4 Nxe5 23. gxf5 Ng4 24. Ng3 Nf6 25. fxg6 hxg6 26. Bd6 Rxe1+ 27. Rxe1
Nb5 28. Qb4 Rxe1+ 29. Qxe1 Qe6 30. Qxe6 fxe6 31. Be5 Ne8 32. Bh3 Kf7 33. f4
Bxe5 34. dxe5 Ng7 35. Kf2 b6 36. cxb6 axb6 37. Ke3 c5 38. Kd3 Nd4 39. Bg2 Ngf5
40. Nxf5 Nxf5 41. Bh3 Nd4 42. Bg4 Nc6 43. Kc3 Ke7 1/2-1/2

[Event "7052-Championnat de la Loire OPEN"]
[Site "Loire"]
[Date "2005.11.27"]
[Round "2.5"]
[White "Zennaf, Karim"]
[Black "Doucet, Medhi"]
[Result "1-0"]
[WhiteElo "1199"]
[BlackElo "1620"]
[PlyCount "47"]
[EventDate "2005.??.??"]

1. e4 e5 2. Nf3 Nc6 3. d4 exd4 4. Bc4 Bb4+ 5. Bd2 Bxd2+ 6. Qxd2 Qf6 7. O-O Ne5
8. Nxe5 Qxe5 9. f4 Qc5 10. Qd3 Qb6 11. Bb3 Nh6 12. h3 O-O 13. Nd2 c5 14. g4 Kh8
15. g5 Ng8 16. f5 f6 17. g6 h6 18. Nc4 Qc6 19. e5 h5 20. Nd6 Nh6 21. Nf7+ Nxf7
22. Bxf7 fxe5 23. Qe2 Rxf7 24. gxf7 1-0

[Event "7052-Championnat de la Loire OPEN"]
[Site "Loire"]
[Date "2005.11.27"]
[Round "2.6"]
[White "Chabas, Jean-Luc"]
[Black "Bruyas, Benjamin"]
[Result "0-1"]
[WhiteElo "1610"]
[BlackElo "1500"]
[PlyCount "36"]
[EventDate "2005.??.??"]

1. e4 e6 2. d4 d5 3. e5 c5 4. c3 Nc6 5. Nf3 Qb6 6. Bd3 cxd4 7. cxd4 Bb4+ 8. Nc3
Bd7 9. Bc2 Nge7 10. O-O Nf5 11. Be3 O-O 12. Qd3 Ba5 13. Rab1 Nb4 14. Qd2 Nxa2
15. g4 Ne7 16. h4 Rac8 17. Bxh7+ Kxh7 18. Ng5+ Kg8 0-1

Nxc3 20. Qd3 f5 21.
exf6 Bb5 0-1

[Event "7052-Championnat de la Loire OPEN"]
[Site "Loire"]
[Date "2005.11.27"]
[Round "2.7"]
[White "Choquelle, Jean"]
[Black "Gidon, Rene"]
[Result "0-1"]
[WhiteElo "1110"]
[BlackElo "1560"]
[PlyCount "36"]
[EventDate "2005.??.??"]

1. Nc3 e5 2. e4 Nf6 3. f3 d5 4. d3 Bb4 5. Nge2 d4 6. Bd2 dxc3 7. bxc3 Bc5 8. c4
Nc6 9. Rb1 O-O 10. h3 b6 11. Ng3 Be6 12. Qc1 Qd4 13. Ne2 Qf2+ 14. Kd1 Rad8 15.
c3 Rxd3 16. Qb2 Be3 17. Kc1 Rxd2 18. Qb5 Qe1# 0-1

[Event "7052-Championnat de la Loire OPEN"]
[Site "Loire"]
[Date "2005.11.27"]
[Round "2.8"]
[White "Jedidi, Brahim"]
[Black "Moleins, Adrien"]
[Result "1-0"]
[WhiteElo "1770"]
[BlackElo "1240"]
[PlyCount "65"]
[EventDate "2005.??.??"]

1. d4 d5 2. Nf3 Nc6 3. Bf4 Bf5 4. e3 Nb4 5. Bb5+ Bd7 6. Bxd7+ Qxd7 7. c3 Nc6 8.
Qb3 O-O-O 9. Nbd2 e6 10. a4 Na5 11. Qa2 Nc6 12. b4 f6 13. O-O g5 14. Bg3 h5 15.
h3 g4 16. hxg4 hxg4 17. Nh2 Nh6 18. e4 dxe4 19. Nxe4 Qg7 20. Qxe6+ Kb8 21. Nxf6
Bd6 22. Rfe1 Bxg3 23. fxg3 Rd6 24. Ne8 Rxe6 25. Nxg7 Rxe1+ 26. Rxe1 a6 27. Re4
Rg8 28. Re8+ Rxe8 29. Nxe8 Kc8 30. Nf6 Nf5 31. Kf2 Nce7 32. Nhxg4 c6 33. Ne3
1-0

[Event "7052-Championnat de la Loire OPEN"]
[Site "Loire"]
[Date "2005.11.27"]
[Round "2.9"]
[White "Daillere, Roland"]
[Black "Moleins, Jean-Pierre"]
[Result "1-0"]
[WhiteElo "1499"]
[BlackElo "1760"]
[PlyCount "30"]
[EventDate "2005.??.??"]

1. e4 e5 2. Nf3 Nc6 3. d4 exd4 4. Nxd4 Nxd4 5. Qxd4 d6 6. Bc4 Nf6 7. Bg5 Be7 8.
O-O O-O 9. Nc3 a6 10. Rad1 c5 11. Qd2 h6 12. Bh4 Nxe4 13. Qe3 Bxh4 14. Nxe4 Re8
15. Qf4 Be7 1-0

[Event "7052-Championnat de la Loire OPEN"]
[Site "Loire"]
[Date "2005.11.27"]
[Round "2.10"]
[White "Desassis, Gregoire"]
[Black "Masson, Guillaume"]
[Result "1-0"]
[WhiteElo "1730"]
[BlackElo "1199"]
[PlyCount "103"]
[EventDate "2005.??.??"]

1. d4 d5 2. Nf3 Nc6 3. Nbd2 Nf6 4. e3 a6 5. Bd3 e6 6. O-O Bd6 7. c4 dxc4 8.
Nxc4 O-O 9. Qc2 b5 10. Nce5 Nb4 11. Qd2 c5 12. a3 Nxd3 13. Qxd3 Bb7 14. b3 Be4
15. Qc3 b4 16. axb4 cxb4 17. Qc4 a5 18. Nc6 Bxc6 19. Qxc6 Qc8 20. Qxd6 Ne4 21.
Qb6 Qc3 22. Qb7 Qxa1 23. Qxe4 Rac8 24. Ng5 g6 25. Bd2 Qb2 26. Qd3 Rc2 27. Ne4
f5 28. Nc5 Rxd2 29. Qa6 Re8 30. Qxa5 Qc2 31. Qxb4 Rd1 32. g3 Qe2 33. Rxd1 Qxd1+
34. Kg2 g5 35. Qc4 g4 36. Qd3 Qf3+ 37. Kg1 Ra8 38. Qb1 Qe2 39. Nxe6 Ra2 40. Qf1
Qb2 41. Kg2 Ra1 42. Qc4 Qb1 43. Ng5+ Kg7 44. Qf7+ Kh6 45. Qxh7+ Kxg5 46. h4+
Kf6 47. Qh6+ Ke7 48. Qh7+ Kd6 49. Qg6+ Kd5 50. Qf7+ Ke4 51. Qe6+ Kd3 52. Qxf5+
1-0

[Event "7052-Championnat de la Loire OPEN"]
[Site "Loire"]
[Date "2005.11.27"]
[Round "2.11"]
[White "Granger, Thierry"]
[Black "Thevenet, Olivier"]
[Result "1-0"]
[WhiteElo "1470"]
[BlackElo "1499"]
[PlyCount "67"]
[EventDate "2005.??.??"]

1. d4 Nf6 2. c4 g6 3. Nc3 Bg7 4. e4 d6 5. Nf3 O-O 6. Be2 Re8 7. O-O Bg4 8. Bf4
Bxf3 9. Bxf3 Nbd7 10. Qd2 e5 11. dxe5 dxe5 12. Bg5 Nb6 13. Qe2 Qd4 14. Nb5 Qc5
15. Be3 Qc6 16. b3 a6 17. Nc3 Rad8 18. Rad1 Bf8 19. Qc2 Bc5 20. Bxc5 Qxc5 21.
Rd2 Rd4 22. Ne2 Rxd2 23. Qxd2 Kg7 24. Rd1 Qc6 25. Nc3 Qc5 26. Qe2 Qe7 27. Qd3
Nbd7 28. Nd5 Nxd5 29. Qxd5 Nc5 30. b4 c6 31. Qxc5 Qe6 32. Be2 Re7 33. Qd6 Qc8
34. Qxe7 1-0